000 00345nam a2200133Ia 4500
008 230411s9999 xx 000 0 und d
041 _aeng
082 _aS/617.917/JAY/B03579
100 _aJayalakshmi T S
_9177803
245 _aOperation Room Assistant Manual
260 _bPeepee
_aDelhi
_c2006
300 _a112p
999 _c154434
_d154434